Strengthening grievance and complaint handling mechanisms to address migrant worker grievances in Sri Lanka: (Record no. 4631)

MARC details
000 -LEADER
fixed length control field 00822nam a22002057a 4500
003 - CONTROL NUMBER IDENTIFIER
control field LK-CoMWRAF
005 - DATE AND TIME OF LATEST TRANSACTION
control field 20240120120253.0
008 - FIXED-LENGTH DATA ELEMENTS--GENERAL INFORMATION
fixed length control field 240117b2013 |||||||| |||| 00| 0 eng d
020 ## - INTERNATIONAL STANDARD BOOK NUMBER
International Standard Book Number 9789221270867
040 ## - CATALOGING SOURCE
Original cataloging agency LK-CoMWRAF
Modifying agency LK-CoMWRAF
Description conventions LK-CoMWRAF
041 ## - LANGUAGE CODE
Language code of text/sound track or separate title English
082 ## - DEWEY DECIMAL CLASSIFICATION NUMBER
Classification number 344.0162
Item number INT
942 ## - ADDED ENTRY ELEMENTS (KOHA)
Koha item type Books
110 ## - MAIN ENTRY--CORPORATE NAME
Corporate name or jurisdiction name as entry element ILO country office for Sri Lanka and the Maldives
245 ## - TITLE STATEMENT
Title Strengthening grievance and complaint handling mechanisms to address migrant worker grievances in Sri Lanka:
Remainder of title a review and analysis of mechanisms
260 ## - PUBLICATION, DISTRIBUTION, ETC. (IMPRINT)
Place of publication, distribution, etc. Geneva:
Name of publisher, distributor, etc. International Labour Organization,
Date of publication, distribution, etc. 2013
300 ## - PHYSICAL DESCRIPTION
Extent 54 p.
Other physical details Bibliography included
856 ## - ELECTRONIC LOCATION AND ACCESS
Uniform Resource Identifier <a href="https://www.ilo.org/wcmsp5/groups/public/---asia/---ro-bangkok/---ilo-colombo/documents/publication/wcms_233367.pdf">https://www.ilo.org/wcmsp5/groups/public/---asia/---ro-bangkok/---ilo-colombo/documents/publication/wcms_233367.pdf</a>
650 ## - SUBJECT ADDED ENTRY--TOPICAL TERM
Topical term or geographic name as entry element MIGRANT WORKERS-Sri Lanka
Holdings
Withdrawn status Lost status Damaged status Not for loan Permanent Location Current Location Date acquired Full call number Barcode Koha item type
        Resource center, Muslim Women's Research And Action Forum Resource center, Muslim Women's Research And Action Forum 2024-01-17 344.0162 INT RAF4751 Books

Copyright © 2023 Muslim Women's Research and Action Forum (MWRAF), No 27/3, Anderson Road, Kalubowila, Dehiwela. Funded by The Asia Fundation